000 00338nam a2200121Ia 4500
005 20260326235455.0
008 260326s9999||||xx |||||||||||||| ||und||
100 _aWiesenthal, M.
245 0 _aVille de Mexico :
_b Plus de 205 Photographies en couleur /
_cM. Wiesenthal
260 _bGrijalbo
650 _aARQUITECTURA REGIONAL
942 _cBK
999 _c7908
_d7908